000 00525nam a2200181Ia 4500
001 19619
003 GE_BSU
008 181216s||||||||xx |||||||||||||| ||und||
040 _cGE_BSU
245 _aВопросы экономики №11, 2016
245 _cРед,кол:О.И.Ананьин,Р.С.Гриберг, и др
260 _aМосква
260 _c2016
300 _a17-160 стр. 26см.
653 _aВопросы экономики №11, 2016
653 _aპერიოდიკა
942 _cCR
999 _c52595
_d52595